[Event "1st ch-Mediterranean"]
[Site "Beruit LIB"]
[Date "2003.09.26"]
[Round "1"]
[White "Abdulaziz,M"]
[Black "Kapnisis,S"]
[Result "0-1"]
[WhiteElo "2168"]
[BlackElo "2392"]

1.c4 e5 2.g3 Nf6 3.Bg2 d5 4.d3 d4 5.Nf3 Nc6 6.O-O a5 7.Na3 Be7 8.Nc2 O-O
9.Re1 h6 10.Rb1 Bf5 11.Nd2 Nd7 12.b3 Nc5 13.Bb2 Qd7 14.a3 Na6 15.Nf3 Rab8
16.e3 Bf6 17.e4 Bg4 18.b4 axb4 19.axb4 b5 20.Na3 Na7 21.Qd2 bxc4 22.Nxc4 Rb5
23.Ra1 Qc8 24.Nfxe5 Rxe5 25.Nxe5 Bxe5 26.b5 Nc5 27.Rxa7 Qb8 28.Ra3 Qxb5 29.Qa5 Qxb2
30.f4 Bd6 31.e5 Be7 32.Ra2 Qb3 33.Ra3 Qb8 34.Ra2 Nxd3 35.Rea1 c5 36.Qd2 c4
37.h3 Be6 38.g4 Bb4 39.Qd1 Nxf4 40.Qxd4 Nd3 41.Qe4 Qb6+ 42.Kh2 Bc3 43.Rf1 Bxe5+
44.Kh1 Qd4 45.Ra8 Qxe4 46.Rxf8+ Kxf8 47.Bxe4 Nc5 48.Bc2 Bd5+ 49.Kg1 Nd3 50.Rf5 f6
51.Kf1 Be4  0-1

[Event "7th Itau Cup"]
[Site "Sao Paulo BRA"]
[Date "2003.09.29"]
[Round "3"]
[White "Shitsuka,C"]
[Black "Da Silva,L"]
[Result "1-0"]
[WhiteElo "2032"]
[BlackElo "2165"]

1.c4 e5 2.g3 g6 3.Bg2 Bg7 4.Nc3 d6 5.d3 f5 6.e3 Nf6 7.Nge2 c6 8.Rb1 a5 9.a3 Na6
10.b4 axb4 11.axb4 O-O 12.b5 Nb8 13.O-O Be6 14.Qc2 Qc8 15.Bb2 Nbd7 16.Ra1 Nc5
17.Rxa8 Qxa8 18.Ra1 Qc8 19.Ba3 e4 20.d4 Nd3 21.Bxd6 Rf7 22.c5 Ne8 23.Bf4 b6
24.cxb6 cxb5 25.Ra7 b4 26.Qa4 bxc3 27.b7 Rxb7 28.Rxb7 Nxf4 29.gxf4 c2 30.Nc1 Bf8
31.Rb2 Qc3 32.Qxc2 Qe1+ 33.Bf1 Ba3 34.Qc6 Bf7 35.Rb1 Qd1 36.Qc3 Bd6 37.Qc6 g5
38.Rb7 gxf4 39.Ne2 fxe3 40.fxe3 Qd2 41.Kf2 f4 42.exf4 Bxf4 43.Qxe4  1-0

[Event "FSGM October"]
[Site "Budapest HUN"]
[Date "2003.10.08"]
[Round "5"]
[White "Nguyen Ngoc Truongson"]
[Black "Anka,E"]
[Result "1-0"]
[WhiteElo "2417"]
[BlackElo "2432"]

1.c4 e5 2.g3 Nf6 3.Bg2 d5 4.cxd5 Nxd5 5.Nf3 Nc6 6.O-O Nb6 7.d3 Be7 8.a3 a5
9.b3 Be6 10.Nbd2 O-O 11.Bb2 f6 12.Qc2 Qd7 13.Rfd1 Rfd8 14.Rac1 Qe8 15.Nc4 Qf8
16.Nfd2 Nxc4 17.Nxc4 Nd4 18.Bxd4 exd4 19.Bxb7 Ra7 20.Bf3 Bxa3 21.Rb1 Bb4
22.e3 Bc3 23.Qe2 Bf7 24.Be4 Qc5 25.Rdc1 Ra6 26.exd4 Bxd4 27.Ne3 Qe5 28.Nf5 Be6
29.Ne7+ Kf8 30.Nc6 Rxc6 31.Rxc6 Bd5 32.Rc2 Bg8 33.Bc6 Qd6 34.Qd2 Bb6 35.Be4 Qe5
36.Qc3 Rd4 37.Re1 Qd6 38.Rce2 g6 39.Qc1 Kg7 40.Bc6 Bf7 41.Re7 Rxd3 42.Qc4 Rxg3+
43.Kh1 Rg1+ 44.Kxg1  1-0

[Event "zt 2.3"]
[Site "Guayaquil ECU"]
[Date "2003.10.12"]
[Round "10"]
[White "Matamoros Franco,C"]
[Black "Mieles Palau,D"]
[Result "1-0"]
[WhiteElo "2484"]
[BlackElo "2468"]

1.c4 e5 2.g3 Nc6 3.Bg2 d6 4.Nc3 Be6 5.d3 Qd7 6.Rb1 g6 7.b4 Bg7 8.b5 Nd8 9.Qb3 Ne7
10.Nd5 O-O 11.Nf3 h6 12.O-O Nc8 13.Ba3 f5 14.Nd2 Rf7 15.e3 Kh7 16.Qc2 Kg8
17.Bb2 Kh7 18.f4 a6 19.a4 axb5 20.axb5 c6 21.Bc3 cxd5 22.cxd5 exf4 23.Bxg7 Rxg7
24.dxe6 Qxe6 25.exf4 Ra2 26.Rb2 Qe3+ 27.Rf2 Rxb2 28.Qxb2 Qxd3 29.Qf6 Ne7
30.Bf1 Qd5 31.Re2 Qf7 32.Qxd6 Qd5 33.Nc4 Qxd6 34.Nxd6 Nd5 35.Rd2 Nf6 36.Nxf5  1-0

[Event "Classics II IM"]
[Site "Gausdal NOR"]
[Date "2003.10.23"]
[Round "4"]
[White "Lie,Es"]
[Black "Meyer,Fa"]
[Result "0-1"]
[WhiteElo "2266"]
[BlackElo "2348"]

1.c4 e5 2.g3 Nf6 3.Bg2 Nc6 4.Nc3 Bc5 5.a3 a5 6.e3 d6 7.Nge2 O-O 8.O-O Bg4
9.h3 Bxe2 10.Qxe2 Qd7 11.b3 Ne7 12.Bb2 Ng6 13.Qd1 c6 14.d4 exd4 15.exd4 Bb6
16.d5 Rae8 17.dxc6 bxc6 18.Qd2 Re6 19.Na4 Qb7 20.Qc3 Bc7 21.b4 axb4 22.axb4 Ne7
23.g4 Qb8 24.g5 Ne8 25.f4 d5 26.Nc5 Bb6 27.Kh1 Bxc5 28.bxc5 Nf5 29.Rf2 d4
30.Qd3 g6 31.Bxd4 Nxd4 32.Qxd4 Ng7 33.Qb2 Qc7 34.Rb1 Qe7 35.Qb6 Nf5 36.Kh2 h6
37.gxh6 Qh4 38.Rf3 Nxh6 39.Qb2 Rfe8 40.Kg1 Re2 41.Qc3 Nf5 42.Bf1 R2e3 43.Rb8 Rxb8
44.Rxe3 Nxe3 45.Qxe3 Rb2 46.Bg2 Qf6 47.Qe4 Rd2 48.Qe8+ Kg7 49.Qe5 Qxe5 50.fxe5 Rc2
51.Bxc6 Rxc4 52.Bd7 Kf8 53.e6 f6 54.c6 Rc2 55.Kh1 Ke7 56.Kg1 Kd6 57.Be8 g5
58.Bd7 Rxc6 59.Kg2 Rc3 60.Kh2 Ke7  0-1

[Event "Classics II IM"]
[Site "Gausdal NOR"]
[Date "2003.10.24"]
[Round "5"]
[White "Siebrecht,S"]
[Black "Westerinen,H"]
[Result "0-1"]
[WhiteElo "2435"]
[BlackElo "2358"]

1.c4 e5 2.g3 Nf6 3.Bg2 d5 4.cxd5 Nxd5 5.Nc3 Ne7 6.Nf3 Nbc6 7.b4 a6 8.Rb1 g6
9.h4 h6 10.Qa4 Bd7 11.Ne4 Bg7 12.Nc5 Ra7 13.d3 O-O 14.Nxd7 Qxd7 15.Nd2 Nd5
16.Ne4 b6 17.Bd2 Rd8 18.a3 Nd4 19.Qd1 f5 20.Nc3 Nxc3 21.Bxc3 Kh7 22.Bd2 Qe6
23.e3 Nb5 24.Qb3 Qd7 25.a4 Nd6 26.O-O c6 27.Bc3 Rc7 28.Rfd1 Qf7 29.Qb2 Qe6
30.Qe2 b5 31.Ra1 Qb3 32.Be1 c5 33.axb5 axb5 34.Rab1 Qa4 35.Ra1 Qb3 36.Rdb1 Qf7
37.bxc5 Rxc5 38.Bb4 Rcc8 39.Bxd6 Rxd6 40.Rxb5 Rc3 41.Rb7 Rd7 42.Raa7 Rxb7
43.Rxb7 Rc7 44.Rb6 h5 45.e4 f4 46.g4 Rc1+ 47.Kh2 Qc7 48.Rb2 Qd8 49.g5 Qa5
50.Rd2 Qc3 51.Bf3 Kg8 52.Bg2 Qc8 53.Bh3 Rh1+ 54.Kxh1 Qxh3+ 55.Kg1 f3 56.Qf1 Qg4+
57.Kh2 Qf4+ 58.Kg1 Qxd2 59.Kh1 Qe2 60.Qg1 Qxd3 61.Qe1 Kh7 62.Kg1 Qd7 63.Qe3 Qh3
64.Qxf3 Qxf3  0-1

[Event "WYb14"]
[Site "Halkidiki GRE"]
[Date "2003.10.28"]
[Round "6"]
[White "Coleman,T"]
[Black "Howell,D"]
[Result "1-0"]
[WhiteElo "2275"]
[BlackElo "2381"]

1.c4 e5 2.g3 Nc6 3.Bg2 g6 4.Nc3 Bg7 5.Nf3 d6 6.O-O f5 7.d3 Nf6 8.Bg5 h6 9.Bxf6 Qxf6
10.Nd5 Qf7 11.Rb1 O-O 12.b4 g5 13.Qd2 f4 14.b5 Nd8 15.a4 g4 16.Ne1 Ne6 17.f3 c6
18.bxc6 bxc6 19.Nc3 Nd4 20.Nc2 gxf3 21.exf3 Nf5 22.g4 Nh4 23.Bh1 h5 24.h3 Qg6
25.Kf2 Bf6 26.Rg1 Kh8 27.Ne4 hxg4 28.hxg4 Be7 29.Qc3 Qg7 30.c5 d5 31.Nd6 Bf6
32.Qd2 Ng6 33.g5 Be7 34.Nb4 Bxd6 35.cxd6 Bf5 36.Nxc6 Qd7 37.Ne7 Nxe7 38.dxe7 Qxe7
39.Bg2 Kg7 40.Rh1 Rh8 41.Qa5 Rxh1 42.Bxh1 Qxg5 43.Rg1 Kh6 44.Rxg5 Kxg5 45.Qxd5 Rh8
46.Bg2 Kf6 47.Qd6+ Be6 48.d4 Rh5 49.dxe5+ Rxe5 50.Bh3  1-0

[Event "FSGM November"]
[Site "Budapest HUN"]
[Date "2003.11.01"]
[Round "1"]
[White "Nguyen Ngoc Truongson"]
[Black "Sarakauskas,G"]
[Result "1/2-1/2"]
[WhiteElo "2417"]
[BlackElo "2428"]

1.c4 e5 2.g3 g6 3.Bg2 Bg7 4.Nc3 Ne7 5.e4 d6 6.Nge2 Nbc6 7.O-O O-O 8.d3 f5
9.Nd5 h6 10.Be3 g5 11.f4 gxf4 12.gxf4 Ng6 13.Ng3 exf4 14.Nxf4 Nxf4 15.Rxf4 fxe4
16.Bxe4 Rxf4 17.Bxf4 Qh4 18.Qh5 Qxh5 19.Nxh5 Bd4+ 20.Kg2 Bg4 21.Ng3 Rf8 22.Rf1 Bxb2
23.Bd5+ Kh7 24.Be4+ Kg8 25.Bd5+ Kh7 26.Be4+ Kg8  1/2-1/2

[Event "Masters"]
[Site "Rosny sous Bois FRA"]
[Date "2003.11.01"]
[Round "8"]
[White "Bogdanov,E"]
[Black "Onkoud,A"]
[Result "0-1"]
[WhiteElo "2217"]
[BlackElo "2323"]

1.c4 e5 2.g3 g6 3.Bg2 Bg7 4.Nc3 Nc6 5.e4 d6 6.d3 f5 7.Nge2 Nf6 8.O-O O-O
9.Nd5 Be6 10.Bg5 Qd7 11.Qd2 Rf7 12.f3 Raf8 13.b4 Nh5 14.b5 Nd8 15.exf5 gxf5
16.a4 c6 17.Ndc3 d5 18.cxd5 cxd5 19.d4 e4 20.Nd1 Qd6 21.Ne3 Bd7 22.Bxd8 Rxd8
23.f4 Nf6 24.Bh3 Ne8 25.Rfd1 Be6 26.Kf2 Qd7 27.Bf1 Bf8 28.Qb2 Rg7 29.Nc3 Qf7
30.Be2 Bd6 31.a5 Nf6 32.Na4 Nd7 33.Rac1 Qf6 34.Ng2 Qh6 35.Kg1 Kh8 36.Rf1 Qf6
37.Kh1 Rdg8 38.Qd2 Qh6 39.Kg1 Rg6 40.g4 fxg4 41.Qe3 Qh3 42.Qg3 Nf6 43.Kh1 Rh6
44.Rc3 Nh5 45.Qxh3 gxh3 46.Ne3 Nxf4  0-1

[Event "1st Chesspangenberg Open"]
[Site "Buenos Aires ARG"]
[Date "2003.11.04"]
[Round "1"]
[White "Giardelli,S"]
[Black "Aloy,J"]
[Result "1-0"]
[WhiteElo "2445"]
[BlackElo "2052"]

1.c4 e5 2.g3 Nf6 3.Bg2 d5 4.cxd5 Nxd5 5.Nc3 Nb6 6.d3 Nc6 7.Nf3 Be7 8.O-O O-O
9.a3 Be6 10.b4 f6 11.Ne4 Bd5 12.Nc5 Rb8 13.e4 Bf7 14.Be3 Nd7 15.Nb3 a6 16.Qc2 Nb6
17.Rad1 Qc8 18.Nc5 Ra8 19.Rc1 Bxc5 20.Bxc5 Rd8 21.Rfd1 Qe6 22.d4 exd4 23.Nxd4 Nxd4
24.Bxd4 Nc4 25.a4 b5 26.e5 fxe5 27.Bxa8 exd4 28.Be4 Qh6 29.axb5 axb5 30.Rd3 c6
31.Rcd1 Qf6 32.Rf3 Qh6 33.Rf4 g6  1-0

[Event "1st Chesspangenberg Open"]
[Site "Buenos Aires ARG"]
[Date "2003.11.04"]
[Round "1"]
[White "Tempone,M"]
[Black "Radoszta,A"]
[Result "1-0"]
[WhiteElo "2438"]
[BlackElo "2018"]

1.c4 e5 2.g3 Nc6 3.Bg2 d6 4.Nc3 Nf6 5.Nf3 Be6 6.b3 h6 7.O-O Be7 8.d4 exd4
9.Nxd4 Nxd4 10.Qxd4 Qc8 11.Bb2 O-O 12.Nd5 Bd8 13.Rfd1 Ne8 14.Rac1 c6 15.Nc3 Bf6
16.Qd2 Qd8 17.Ne4 Bxb2 18.Qxb2 Qc7 19.Qa3 c5 20.Rd2 f5 21.Nc3 a6 22.Rcd1 Rd8
23.Bd5 Qc8 24.Na4 Bxd5 25.Nb6 Qe6 26.Nxd5 Rd7 27.e3 g5 28.Qb2 Rg7 29.Re2 Qe4
30.Ree1 b5 31.Qe2 bxc4 32.f3 Qe5 33.Qxc4 Kh8 34.Qxa6 h5 35.Qd3 h4 36.Kg2 Qe6
37.e4 Qh6 38.exf5 g4 39.fxg4 Rxg4 40.Re6 h3+ 41.Kg1 Qh5 42.Rf1 Rg5 43.Nf4  1-0

[Event "1st Chesspangenberg Open"]
[Site "Buenos Aires ARG"]
[Date "2003.11.06"]
[Round "3"]
[White "Tempone,M"]
[Black "Idigoras,A"]
[Result "1-0"]
[WhiteElo "2438"]
[BlackElo "2294"]

1.c4 e5 2.g3 Nf6 3.Bg2 c6 4.d4 exd4 5.Qxd4 d5 6.Nf3 Bb4+ 7.Bd2 Bxd2+ 8.Nbxd2 O-O
9.O-O Re8 10.e3 Be6 11.Ng5 Bf5 12.Rfd1 Qe7 13.Ngf3 Na6 14.cxd5 cxd5 15.Nh4 Be6
16.a3 Nc5 17.Rac1 Rac8 18.b4 Nce4 19.Rxc8 Rxc8 20.Nxe4 dxe4 21.Bxe4 Bb3 22.Bf5 Re8
23.Rd3 Bd5 24.Bh3 Be4 25.Rd1 b6 26.Nf5 Qc7 27.Qa1 Bf3 28.Rc1 Qd8 29.Qd4 Qa8
30.Nh6+ gxh6 31.Qxf6 Qd5 32.Qxh6 Qd2 33.Rf1 Re5 34.Qf6 Qd5 35.Rc1 Re8 36.Bf1 Qd2
37.Rc7 Bd5 38.Qg5+  1-0

[Event "TCh-CZE Extraliga 2003-4"]
[Site "Czech Rep CZE"]
[Date "2003.11.08"]
[Round "1"]
[White "Talla,V"]
[Black "Pisk,P"]
[Result "1-0"]
[WhiteElo "2367"]
[BlackElo "2322"]

1.c4 e5 2.g3 c5 3.Bg2 Nc6 4.Nc3 g6 5.a3 a5 6.Nf3 Bg7 7.d4 cxd4 8.Nb5 d6 9.e3 Nge7
10.exd4 O-O 11.d5 Nb8 12.O-O Nf5 13.Bg5 f6 14.Bd2 a4 15.Bb4 Ra6 16.Nd2 Nd4
17.Ne4 Nb3 18.Rb1 Bf5 19.Nbxd6 Rxd6 20.Nxd6 Bxb1 21.Qxb1 Qd7 22.c5 Nd4 23.Qd3 Kh8
24.f4 Na6 25.c6 Nxb4 26.cxd7 Nxd3 27.Ne8  1-0

[Event "15th Open"]
[Site "Leuven BEL"]
[Date "2003.11.08"]
[Round "2"]
[White "Aglave,A"]
[Black "Epishin,V"]
[Result "0-1"]
[WhiteElo "2119"]
[BlackElo "2658"]

1.c4 e5 2.g3 Nc6 3.Bg2 Bc5 4.Nc3 Nf6 5.e3 O-O 6.Nge2 a6 7.O-O d6 8.d4 Ba7
9.h3 Bd7 10.Kh2 Rb8 11.a4 Nb4 12.b3 exd4 13.Nxd4 Re8 14.Ba3 a5 15.Bxb4 axb4
16.Na2 Bxd4 17.Qxd4 Bc6 18.Rad1 Bxg2 19.Kxg2 Ne4 20.Nc1 Ra8 21.f3 Nc3 22.Rd2 Ra5
23.e4 f5 24.exf5 Rxf5 25.c5 Rd5 26.Qxd5+ Nxd5 27.Rxd5 Re5  0-1

[Event "ch-UKR"]
[Site "Simferopol UKR"]
[Date "2003.11.10"]
[Round "7"]
[White "Ivanov,AndA"]
[Black "Kononenko,Dmitry2"]
[Result "1-0"]
[WhiteElo "2311"]
[BlackElo "2151"]

1.c4 e5 2.g3 f5 3.Bg2 Nf6 4.Nc3 d6 5.e3 c6 6.Nge2 Be7 7.d3 a5 8.O-O O-O 9.f4 Be6
10.b3 Na6 11.Bb2 Qb6 12.Qd2 Ng4 13.Nd1 Bf6 14.h3 Nh6 15.Ndc3 Rad8 16.Kh2 g5
17.Rae1 Qc7 18.e4 exf4 19.gxf4 g4 20.Ng3 Nc5 21.d4 Nxe4 22.Ncxe4 fxe4 23.f5 Nxf5
24.Nxf5 Bxf5 25.Rxf5 Be5+ 26.dxe5 Rxf5 27.hxg4 dxe5 28.Qh6 Rd6 29.Qe3 Rf4
30.Bxe5 Rxg4 31.Qh3 Qd7 32.Bxd6 Qxd6+ 33.Kh1 h5 34.Qe3 Qg6 35.Bh3 Rg3 36.Rg1 h4
37.Rxg3 hxg3 38.Kg2 Kf8 39.Qf4+ Ke8 40.Qb8+ Ke7 41.Qxb7+ Kf8 42.Qb8+ Ke7
43.Qc7+ Kf8 44.Qd8+ Kf7 45.Qd7+ Kf8 46.Qf5+  1-0

[Event "TCh-FIN 2003-4"]
[Site "Finland FIN"]
[Date "2003.11.15"]
[Round "4"]
[White "Natri,A"]
[Black "Nouro,M"]
[Result "0-1"]
[WhiteElo "2215"]
[BlackElo "2347"]

1.c4 e5 2.g3 Nf6 3.Bg2 c6 4.d4 Bb4+ 5.Bd2 Bxd2+ 6.Qxd2 d6 7.dxe5 dxe5 8.Qxd8+ Kxd8
9.Nc3 Be6 10.b3 Nfd7 11.Nf3 f6 12.O-O a5 13.Rfd1 Na6 14.Nd2 Kc7 15.Rac1 Ndc5
16.Nde4 Rhd8 17.Nd5+ Kb8 18.Ne3 Rxd1+ 19.Rxd1 Kc7 20.h4 Nxe4 21.Bxe4 g6 22.Rd2 a4
23.Rb2 Rd8 24.b4 Rd4 25.Bd3 a3 26.Rb3 e4 27.Nc2 exd3 28.Nxd4 Bxc4 29.exd3 Bxb3
30.Nxb3 Nxb4 31.Nc1 b5 32.Kg2 c5 33.Kf3 Kd6 34.Ke4 Nd5 35.g4 b4 36.f4 Nc3+
37.Ke3 Nxa2 38.Nxa2 b3 39.Nc3 a2 40.Ne4+ Kc6  0-1

[Event "TCh-FIN 2003-4"]
[Site "Finland FIN"]
[Date "2003.11.16"]
[Round "5"]
[White "Salokangas,H"]
[Black "Pukkila,M"]
[Result "1-0"]
[WhiteElo "2206"]
[BlackElo "2144"]

1.c4 e5 2.g3 Nf6 3.Bg2 d5 4.cxd5 Nxd5 5.Nf3 Nc6 6.O-O Be7 7.Nc3 Be6 8.d3 O-O
9.a3 Qd7 10.Bd2 a5 11.Rc1 Nxc3 12.Bxc3 f6 13.Nd2 a4 14.Bxc6 bxc6 15.Ne4 Qd5
16.Bb4 Bxb4 17.axb4 Rfb8 18.Rc5 Qd7 19.Ra5 Rxa5 20.bxa5 Bh3 21.Re1 Qd5 22.Qxa4 f5
23.a6 fxe4 24.a7 Ra8 25.dxe4 Qb5 26.Qa2+ Kf8 27.Qa3+ c5 28.Rc1 Qb6 29.Rxc5 Qd6
30.Rxc7 Qxa3 31.bxa3 Bc8 32.h4 Ba6 33.Kf1 h5 34.f3 Kg8 35.Kf2 Kh7 36.Re7 Bc4
37.Ke3 Kg6 38.Rc7 Bb5 39.f4 exf4+ 40.gxf4 Ba4 41.f5+ Kh6 42.Kf4 Bd1 43.Rb7 Kh7
44.f6 Bxe2 45.fxg7 Bc4 46.g8=Q+  1-0

[Event "GM"]
[Site "Varazdin CRO"]
[Date "2003.11.25"]
[Round "3"]
[White "Georgiev,Vl"]
[Black "Dumpor,A"]
[Result "1/2-1/2"]
[WhiteElo "2596"]
[BlackElo "2364"]

1.c4 e5 2.g3 g6 3.Bg2 Bg7 4.Nc3 Nc6 5.Rb1 a5 6.d3 f5 7.e4 d6 8.Nge2 Nf6 9.O-O O-O
10.h3 Be6 11.Nd5 Qd7 12.Kh2 Bxd5 13.cxd5 Nd4 14.Be3 Nxe2 15.Qxe2 c5 16.Qd2 f4
17.gxf4 exf4 18.Bxf4 Nxe4 19.dxe4 Rxf4 20.Qxf4 Be5 21.Qxe5 dxe5 22.f4 Qd6
23.fxe5 Qxe5+ 24.Kh1 c4 25.a4 Rf8 26.Rfc1 Rf2 27.Rxc4 Qg3 28.Rg1 Rxb2 29.Rcc1 b5
30.axb5 Rxb5 31.Ra1 Kg7 32.Rge1 Rb2 33.Rg1 Re2 34.Rxa5 Rxe4 35.Ra7+ Kh6 36.Ra2 Re1
37.Rxe1 Qxe1+ 38.Kh2 Kg5 39.Ra4 h5 40.Re4 Qd2 41.Re8 Qf4+ 42.Kh1 Qc1+ 43.Kh2 Qc7+
44.Kh1 Kf4 45.Rf8+ Kg3 46.Rf3+ Kh4 47.Rd3 Qc4 48.Bf1 Qf4  1/2-1/2

[Event "GM"]
[Site "Varazdin CRO"]
[Date "2003.11.28"]
[Round "7"]
[White "Georgiev,Vl"]
[Black "Kozakov,M"]
[Result "1-0"]
[WhiteElo "2596"]
[BlackElo "2457"]

1.c4 e5 2.g3 Nf6 3.Bg2 d5 4.cxd5 Nxd5 5.Nf3 Nc6 6.O-O Be7 7.d4 e4 8.Ne1 Nf6
9.Nc2 O-O 10.Nc3 Bf5 11.Bg5 Re8 12.d5 Nb8 13.Ne3 Bg6 14.Qb3 b6 15.Nb5 a6
16.Nd4 h6 17.Bxf6 Bxf6 18.Rfd1 Be5 19.Rac1 h5 20.h4 Bd6 21.Bh3 Rf8 22.Qa4 Qf6
23.Rc2 Bc5 24.Kg2 Qe5 25.Nb3 b5 26.Qa5 Bb6 27.Qc3 Qd6 28.Nc5 a5 29.Bf5 Re8
30.Nb7 Qf6 31.Qxf6 gxf6 32.d6 cxd6 33.Nxd6 Re5 34.Rc8+ Kg7 35.Nd5  1-0

[Event "6th Open"]
[Site "Tanta City EGY"]
[Date "2003.12.08"]
[Round "2"]
[White "Miroshnichenko,E"]
[Black "Sameeh,H"]
[Result "1-0"]
[WhiteElo "2571"]
[BlackElo "2289"]

1.c4 e5 2.g3 Nf6 3.Bg2 Nc6 4.Nc3 Be7 5.e4 Nd4 6.Nge2 Bc5 7.d3 Nxe2 8.Qxe2 d6
9.h3 c6 10.O-O O-O 11.Kh2 Ne8 12.f4 g6 13.f5 f6 14.Bh6 Ng7 15.g4 Rf7 16.Qd2 g5
17.h4 gxh4 18.Rf3 a6 19.Rh3 b5 20.Rxh4 Qb6 21.Rf1 Bd7 22.Rf3 Kh8 23.Rfh3 Rg8
24.Bf3 Ne8 25.cxb5 axb5 26.Ne2 b4 27.g5 Be3 28.g6 Bxd2 29.Be3 Rxg6 30.fxg6 Qxe3
31.gxf7 Qf2+ 32.Kh1 Qf1+ 33.Ng1 Kg7 34.Rxh7+ Kf8 35.Bh5  1-0

[Event "TCh-BEL 2003-4"]
[Site "Belgium BEL"]
[Date "2003.12.14"]
[Round "1"]
[White "Cekro,E"]
[Black "Jaracz,P"]
[Result "1/2-1/2"]
[WhiteElo "2433"]
[BlackElo "2542"]

1.c4 e5 2.g3 Nf6 3.Bg2 h6 4.Nc3 Bb4 5.e4 Nc6 6.Nge2 Bc5 7.O-O a6 8.a3 d6
9.b4 Ba7 10.h3 Nd4 11.Rb1 O-O 12.Nxd4 Bxd4 13.Ne2 Ba7 14.d4 Bd7 15.Bb2 Re8
16.Qc2 Qe7 17.Rfe1 Rad8 18.Kh2 Bc6 19.d5 Bd7 20.f4 c5 21.dxc6 bxc6 22.c5 Bb8
23.fxe5 dxe5 24.Ng1 Bc8 25.Nf3 a5 26.Bf1 axb4 27.axb4 Nh7 28.Rbd1 Qf6 29.Rxd8 Rxd8
30.Rd1 Re8 31.Qc3 Qe6 32.Nh4 Qf6 33.Nf3 Qe6 34.Nh4 Qf6 35.Nf3  1/2-1/2

[Event "1st GM"]
[Site "Kish IRI"]
[Date "2003.12.14"]
[Round "2"]
[White "Georgiev,Vl"]
[Black "Moradiabadi,E"]
[Result "1/2-1/2"]
[WhiteElo "2596"]
[BlackElo "2354"]

1.c4 e5 2.g3 Nc6 3.Bg2 g6 4.Nc3 Bg7 5.Rb1 a5 6.a3 d6 7.b4 axb4 8.axb4 Nf6
9.d3 O-O 10.Nf3 Re8 11.Bg5 h6 12.Bxf6 Bxf6 13.O-O Bg7 14.Ne1 Ne7 15.Nc2 c6
16.b5 d5 17.cxd5  1/2-1/2

[Event "Salona GM"]
[Site "Solin-Split CRO"]
[Date "2003.12.21"]
[Round "9"]
[White "Kurajica,B"]
[Black "Kovalevskaya,E"]
[Result "1/2-1/2"]
[WhiteElo "2557"]
[BlackElo "2447"]

1.c4 e5 2.g3 Nc6 3.Bg2 f5 4.Nc3 Nf6 5.a3 d6 6.d3 g6 7.b4 Bg7 8.b5 Ne7 9.Bb2 O-O
10.Qb3 Kh8 11.Nf3 a6 12.O-O Nd7 13.Na4 h6 14.Nd2 axb5 15.cxb5 c6 16.bxc6 bxc6
17.Rfc1 Qa5 18.Nc3 Nc5 19.Qc2 Be6 20.a4 Rab8 21.Rcb1 Rb7 22.Ba3 Rfb8 23.Rxb7 Rxb7
24.Rb1 Rxb1+ 25.Ncxb1 Nb7 26.h4 Qc7 27.Nb3 c5 28.Nc3 Nc6 29.Nb5 Qb6 30.e3 Nca5
31.Nd2 d5 32.Bb2 c4 33.dxc4 Nxc4 34.Nxc4 dxc4 35.Bf1 Qc6 36.Qd1 Nc5 37.Qd8+ Kh7
38.Qe7 Kg8 39.Bg2 Ne4 40.Nc3 Bf7 41.a5 Bf6 42.Qb4 Bd5 43.Nxd5 Qxd5 44.a6 Qd1+
45.Kh2 Nxf2 46.Qxc4+ Kh7 47.a7 f4 48.Qf1 fxg3+ 49.Kg1 Qd2 50.a8=Q Nh3+ 51.Kh1 Nf2+
52.Qxf2 Qxf2 53.Qf3 h5 54.Qxf2 gxf2 55.Kh2 Bxh4 56.Bxe5 Bg5 57.Bf4 Bxf4+
58.exf4 g5  1/2-1/2

[Event "12th Donau Open"]
[Site "Aschach GER"]
[Date "2003.12.26"]
[Round "1"]
[White "Seifert,D"]
[Black "Hertneck,G"]
[Result "0-1"]
[WhiteElo "2139"]
[BlackElo "2524"]

1.c4 e5 2.g3 Nc6 3.Bg2 g6 4.Nc3 Bg7 5.e4 d6 6.d3 Nge7 7.Nge2 O-O 8.O-O Be6
9.h3 Qd7 10.Kh2 f5 11.Nd5 fxe4 12.dxe4 Nd4 13.Nxd4 exd4 14.Nxe7+ Qxe7 15.b3 Qd7
16.Qd3 c5 17.Bd2 Rab8 18.a4 b6 19.f4 a6 20.g4 Kh8 21.f5 Bg8 22.Kg1 b5 23.axb5 axb5
24.g5 bxc4 25.bxc4 Be5 26.h4 Qb7 27.Rfb1 Qf7 28.Rxb8 Rxb8 29.Bf1 gxf5 30.exf5 Qh5
31.Qe4 d3 32.Ra7 Re8 33.g6 hxg6 34.fxg6 Bh2+ 35.Kxh2 Rxe4 36.Bc3+ Rd4 37.Bxd3 Qe5+
38.Kg2 Rg4+ 39.Kf3 Rg3+ 40.Kf2 Qxc3  0-1

[Event "12th Donau Open"]
[Site "Aschach GER"]
[Date "2003.12.26"]
[Round "1"]
[White "Weiss,C"]
[Black "Leichtfried,H"]
[Result "1-0"]
[WhiteElo "2402"]
[BlackElo "2121"]

1.c4 e5 2.g3 Nc6 3.Bg2 g6 4.Nc3 Bg7 5.e3 Nge7 6.Nge2 d6 7.d3 Be6 8.Nd5 Qd7
9.Rb1 Nd8 10.Nxe7 Qxe7 11.O-O O-O 12.Nc3 c6 13.b4 f5 14.b5 Qd7 15.Ba3 Re8
16.Qa4 Qc7 17.bxc6 bxc6 18.c5 Bf8 19.cxd6 Bxd6 20.Rbc1 Bxa3 21.Qxa3 Qe7 22.Qa5 Bd7
23.Rfd1 Nf7 24.Rb1 Nd6 25.Rdc1 Rec8 26.Na4 Kg7 27.Nc5 Be8 28.Na6 Nf7 29.Rb3 Nd8
30.Qc3 Kg8 31.Ra3 Nf7 32.Ra5 Qe6 33.Qc5 Qd6 34.Qxd6 Nxd6 35.Rxe5  1-0

[Event "North American Open"]
[Site "Las Vegas USA"]
[Date "2003.12.26"]
[Round "1"]
[White "Hanken,J"]
[Black "Mulyar,M"]
[Result "0-1"]
[WhiteElo "2068"]
[BlackElo "2424"]

1.c4 e5 2.g3 Nc6 3.Bg2 g6 4.Nc3 Bg7 5.e3 d6 6.Nge2 Nge7 7.a3 a5 8.Rb1 O-O
9.b4 axb4 10.axb4 Bf5 11.e4 Be6 12.Nd5 f5 13.d3 Qd7 14.b5 Nd8 15.Bg5 Nc8
16.O-O c6 17.Bxd8 Rxd8 18.exf5 gxf5 19.bxc6 bxc6 20.Nb6 Nxb6 21.Rxb6 d5 22.Qb1 Ra7
23.cxd5 cxd5 24.Rc1 Bf7 25.Nc3 e4 26.Qb5 Qe7 27.Rb8 Rc7 28.Ne2 Rxc1+ 29.Nxc1 Bd4
30.dxe4 Bxf2+ 31.Kf1 Be3 32.Ne2 fxe4 33.Nf4 Qc7 34.Rxd8+ Qxd8 35.Qe2 Bxf4
36.gxf4 Qh4 37.Qe3 Qxh2 38.Bh3 d4  0-1

[Event "12th Donau Open"]
[Site "Aschach GER"]
[Date "2003.12.27"]
[Round "3"]
[White "Stanec,N"]
[Black "Orel,O"]
[Result "1-0"]
[WhiteElo "2557"]
[BlackElo "2367"]

1.c4 e5 2.g3 f5 3.d4 exd4 4.Qxd4 Nc6 5.Qd1 Nf6 6.Bg2 d6 7.Nc3 g6 8.Nh3 Bg7
9.Nf4 Ne5 10.O-O O-O 11.b3 Qe7 12.Ba3 Re8 13.Rc1 Kh8 14.Ncd5 Qf7 15.Nxf6 Bxf6
16.Qc2 Bg7 17.Rfd1 a5 18.c5 dxc5 19.Bxc5 c6 20.Bd4 h6 21.e3 g5 22.Nd3 Nxd3
23.Qxd3 Be6 24.Qc2 a4 25.Bxg7+ Kxg7 26.bxa4 Bxa2 27.Rd4 Red8 28.Rcd1 Rxd4
29.Rxd4 Be6 30.Rb4 Kg8 31.Qb2 Qg7 32.Qxg7+ Kxg7 33.Rxb7+ Kf8 34.Bxc6 Ra6
35.Rc7 Bb3 36.Bb5 Rd6 37.Rc1 Rd2 38.Ra1 Bd5 39.a5 Ke7 40.Bf1 Kd6  1-0

[Event "Eastern Open"]
[Site "Washington USA"]
[Date "2003.12.27"]
[Round "3"]
[White "Betaneli,A"]
[Black "Sherzer,A"]
[Result "0-1"]
[WhiteElo "2248"]
[BlackElo "2494"]

1.c4 e5 2.g3 Nf6 3.Bg2 c6 4.d4 exd4 5.Qxd4 d5 6.Nf3 Be7 7.cxd5 cxd5 8.O-O Nc6
9.Qa4 Qb6 10.Nc3 O-O 11.Qb5 d4 12.Qxb6 axb6 13.Nb5 Rd8 14.Rd1 Bc5 15.Nc7 Rb8
16.a3 Bf5 17.b4 Be7 18.Bb2 Bc2 19.Rd2 Ba4 20.Nxd4 Rbc8 21.b5 Nxd4 22.Rxd4 Rxd4
23.Bxd4 Rxc7 24.Bxb6 Rd7 25.Rc1 g5  0-1

[Event "Open"]
[Site "Interlaken SUI"]
[Date "2003.12.29"]
[Round "5"]
[White "Rukavina,J"]
[Black "Stojanovic,Mih"]
[Result "1-0"]
[WhiteElo "2422"]
[BlackElo "2506"]

1.c4 e5 2.g3 c6 3.Nf3 e4 4.Nd4 d5 5.cxd5 Qxd5 6.Nb3 Nf6 7.Bg2 Qh5 8.h3 Qg6
9.Nc3 Na6 10.d3 exd3 11.e4 Be6 12.O-O O-O-O 13.Be3 Kb8 14.Nd4 Nb4 15.Qa4 Bd7
16.Ndb5 Na6 17.Qd4 b6 18.Qa4 Kb7 19.e5 Ne8 20.Rfd1 Bb4 21.Rac1 Rc8 22.a3 Be7
23.Ne4 Qh5 24.g4 Qxe5 25.Rxd3 Be6 26.Ned6+ Nxd6 27.Nxd6+ Bxd6 28.Rxc6 Qh2+
29.Kf1 Qxg2+ 30.Kxg2 Rxc6 31.Qe4 Bb8 32.b4 Nc7 33.Rd6 Nd5 34.Rxd5 Bxd5 35.Qxd5 a6
36.a4 Kc7 37.Bf4+ Kb7 38.b5 axb5 39.axb5 Bxf4 40.bxc6+ Kb8 41.Qxf7  1-0

[Event "North American Open"]
[Site "Las Vegas USA"]
[Date "2003.12.29"]
[Round "5"]
[White "Barcenilla,R"]
[Black "Baburin,A"]
[Result "1/2-1/2"]
[WhiteElo "2494"]
[BlackElo "2541"]

1.c4 e5 2.g3 Nf6 3.Bg2 c6 4.d4 exd4 5.Qxd4 Na6 6.Nf3 d5 7.cxd5 Nb4 8.Na3 Qxd5
9.O-O Qxd4 10.Nxd4 Be7 11.Nac2 Nxc2 12.Nxc2 O-O 13.Be3 Re8 14.Rfd1 a5 15.Bd4 Be6
16.Ne3 a4 17.a3 g6 18.Rac1 Bb3 19.Rd3 Nd7 20.Nc4 Bf8 21.Nd2 Be6 22.h3 h5
23.Rd1 Nc5 24.Rc3 Nb3 25.Bf6 Bg7 26.Bxg7 Kxg7 27.Nxb3 Bxb3 28.Rd7 Rxe2 29.Rxb7 Rxb2
30.Bxc6 Rd8 31.Rf3 Ra2 32.Kh2 Rdd2 33.Kg2 Rxa3 34.Rbxf7+ Bxf7 35.Rxa3 Bb3
36.Bxa4 Bd5+ 37.Kf1 Ra2 38.Rxa2 Bxa2 39.f4 Kf6 40.Kf2 Be6 41.h4  1/2-1/2